000
00271nam a22001337a 4500
008
181023b xxu||||| |||| 00| 0 eng d
020
_a
2740336110452
041
_a
eng
080
_a
371
100
_a
46
101
_a
EDU
245
_a
Vista
_c
Blanco
942
_2
udc
_c
BK
999
_c
50620
_d
50620